Detalles MARC
| 000 -LEADER |
| campo de control de longitud fija |
02580nam a2200337 c 4500 |
| 001 - NÚMERO DE CONTROL |
| campo de control |
1264 |
| 003 - IDENTIFICADOR DE NÚMERO DE CONTROL |
| campo de control |
gtuscu |
| 005 - FECHA Y HORA DE LA ÚLTIMA TRANSACCIÓN |
| campo de control |
20250825114253.0 |
| 007 - CAMPO FIJO DE DESCRIPCIÓN FÍSICA--INFORMACIÓN GENERAL |
| campo de control de longitud fija |
ta |
| 008 - DATOS DE LONGITUD FIJA--INFORMACIÓN GENERAL |
| campo de control de longitud fija |
250821e2011 gt d|||| |||| 00| 0 spa d |
| 020 ## - NÚMERO INTERNACIONAL ESTÁNDAR DEL LIBRO |
| Número Internacional Estándar del Libro |
9789929592025 |
| 040 ## - FUENTE DE CATALOGACIÓN |
| Centro catalogador/agencia de origen |
gtuscu |
| Lengua de catalogación |
spa |
| Centro/agencia transcriptor |
gtuscu |
| Centro/agencia modificador |
gtuscu |
| Normas de descripción |
rda |
| 082 04 - NÚMERO DE LA CLASIFICACIÓN DECIMAL DEWEY |
| Número de clasificación |
333.7 T327 |
| 245 1# - MENCIÓN DEL TÍTULO |
| Título |
Territorio y región : |
| Resto del título |
agua, drenajes y recursos naturales en Guatemala / |
| Mención de responsabilidad, etc. |
Luis Rafael Valladares Vielman |
| 264 1# - PRODUCCIÓN, PUBLICACIÓN, DISTRIBUCIÓN, FABRICACIÓN Y COPYRIGHT |
| Producción, publicación, distribución, fabricación y copyright |
Guatemala : |
| Nombre del de productor, editor, distribuidor, fabricante |
Universidad de San Carlos de Guatemala, Centro de Estudios Urbanos y Regionales, |
| Fecha de producción, publicación, distribución, fabricación o copyright |
2011. |
| 300 ## - DESCRIPCIÓN FÍSICA |
| Extensión |
238 páginas : |
| Otras características físicas |
gráficas ; |
| Dimensiones |
13.5 cm |
| 336 ## - TIPO DE CONTENIDO |
| Fuente |
rdacontenido |
| Término de tipo de contenido |
texto |
| Código de tipo de contenido |
txt |
| 337 ## - TIPO DE MEDIO |
| Fuente |
rdamedio |
| Nombre/término del tipo de medio |
sin mediación |
| Código del tipo de medio |
n |
| 338 ## - TIPO DE SOPORTE |
| Fuente |
rdasoporte |
| Nombre/término del tipo de soporte |
volumen |
| Código del tipo de soporte |
nc |
| 490 ## - MENCIÓN DE SERIE |
| Mención de serie |
Territorio y Regionalización en Guatemala ; |
| Designación de volumen o secuencia |
volumen VII |
| 500 ## - NOTA GENERAL |
| Nota general |
La presente publicación es una compilación que recoge cinco trabajos. |
| 520 3# - RESUMEN, ETC. |
| Sumario, etc. |
El ambiente y los recursos naturales son temas que no son ajenos al estudio de lo territorial y lo regional. En el libro que el lector tiene en sus manos, se encuentran las investigaciones realizadas en el CEUR por tres investigadores: Luis Rafael Valladares Vielman se ocupa del estudio del territorio, la regionalización, el paisaje y el espacio; Nicolás de Jesús Guzmán Sáenz estudia los servicios de agua y de drenaje, sus antecedentes históricos, y un análisis estadístico de su cobertura; César Augusto Castañeda Salguero para finalizar presenta tres apartados, en el primero explica su enfoque acerca de la interacción naturaleza y sociedad, en el segundo expone las causas del deterioro de los lagos y lagunas en Guatemala y en el último apartado expone el caso específico del Lago de Atitlan, con sus características históricas, socio geográficas, culturales y las actividades económicas de sus alrededores.<br/>El contenido del libro invita a reflexionar sobre lo expresado por César Augusto Castañeda Salguero: "Los problemas ambientales se derivan del seno de la sociedad y se resolverán en la medida que ésta viva transformaciones que conduzcan a relaciones más armónicas y favorables con la naturaleza en su conjunto". |
| 650 14 - PUNTO DE ACCESO ADICIONAL DE MATERIA--TÉRMINO DE MATERIA |
| Fuente del encabezamiento o término |
LEMB |
| Término de materia o nombre geográfico como elemento de entrada |
Recursos naturales |
| Subdivisión geográfica |
Guatemala |
| 650 14 - PUNTO DE ACCESO ADICIONAL DE MATERIA--TÉRMINO DE MATERIA |
| Fuente del encabezamiento o término |
LEMB |
| Término de materia o nombre geográfico como elemento de entrada |
contaminación ambiental |
| 650 14 - PUNTO DE ACCESO ADICIONAL DE MATERIA--TÉRMINO DE MATERIA |
| Fuente del encabezamiento o término |
LEMB |
| Término de materia o nombre geográfico como elemento de entrada |
Lago de Atitlán |
| 650 14 - PUNTO DE ACCESO ADICIONAL DE MATERIA--TÉRMINO DE MATERIA |
| Fuente del encabezamiento o término |
LEMB |
| Término de materia o nombre geográfico como elemento de entrada |
Cuencas hidrográficas |
| 700 1# - ENTRADA AGREGADA--NOMBRE PERSONAL |
| Nombre de persona |
Valladares Vielman, Luis Rafael |
| Término indicativo de función/relación |
creador y editor |
| 700 1# - ENTRADA AGREGADA--NOMBRE PERSONAL |
| Nombre de persona |
Guzmán Sáenz, Nicolás de Jesús |
| Término indicativo de función/relación |
creador |
| 700 1# - ENTRADA AGREGADA--NOMBRE PERSONAL |
| Nombre de persona |
Castañeda Salguero, César |
| Término indicativo de función/relación |
creador |
| 942 ## - ELEMENTOS DE ENTRADA SECUNDARIOS (KOHA) |
| Fuente de la clasificación o esquema de estantería |
Clasificación Decimal Dewey |
| Tipo de ítem Koha |
Libros |
| Parte de la signatura que corresponde a la clasificación (Parte de la clasificación) |
CEUR 333.7 T327 |
| Suprimir en OPAC |
No |